| 000 | 00655nam a2200205 a 4500 | ||
|---|---|---|---|
| 005 | 20140412111414.0 | ||
| 008 | 070703s19uu xx 00 eng d | ||
| 020 | _a0-394-89068-x | ||
| 050 |
_aER _bPr 1987 |
||
| 100 | _aDubowski, Cathy East | ||
| 245 |
_aPretty good magic / _cCathy East Dubowski. |
||
| 260 |
_aNew York : _bRandom House, _c1987. |
||
| 300 | _a48 | ||
| 440 | _aStep into reading | ||
| 500 | _aa step 2 book | ||
| 520 | _aPresto's attempt to impress the town of forty winks with a really spectacular trick produces more rabbits than anyone expected | ||
| 650 | _aMagician-Fiction | ||
| 650 | _aRabbit -fiction | ||
| 999 |
_c105760 _d105760 |
||